000 01981cam a22004574i 4500
003 PE-LiUPU
005 20250731165401.0
008 150928s1998 pe grm 000 0 spa d
035 _a(Sirsi) a154648
040 _aPE-LiUPU
_bspa
_cPE-LiUPU
_erda
082 0 4 _a286.732852
_bM77 T3
099 _aTE 3
_bM77 1998
100 1 _aMontero Guerrero, Rubén
_eautor
245 1 _aPlan de pequeños grupos en escuela sabática aplicado en la Iglesia Adventista de Santa Isabel /
_cRubén Montero Guerrero.
264 0 _c1998.
300 _a357 hojas
_c30 cm
336 _atext
_2rdacontent
337 _aunmediated
_2rdamedia
338 _avolume
_2rdacarrier
502 _aTesis
_b(Mg.) --
_cUniversidad Peruana Unión,
_d1998.
504 _aIncluye referencias
520 3 _aEl presente trabajo de investigación analiza la aplicación del plan de grupos pequeños en la escuela sabática de la Iglesia Adventista del Séptimo Día de Santa Isabel. Es un estudio que abarca tres años de implementación del plan y dos de seguimiento estadístico. El primer capítulo nos sitúa en el contexto de la investigación. El lector encontrara una descripción de la situación problemática que incluye el examen de la escuela sabática con indicadores proporcionados por la Unión Peruana a nivel nacional. Además , también se podrá encontrar la justificación de la investigación, sus problemas y limitaciones.
526 _aSEG44
526 _aSEG26
526 _aP151
526 _aP150
526 _aP149
526 _aP146
526 _aP145
526 _aP126
526 _aP125
526 _aP92
526 _aP75
526 _aP74
526 _aP27
526 _aP15
650 0 4 _aAdventistas del Séptimo Día
_xGrupos pequeños
_vTesis
596 _a1
942 _2ddc
_cTESIS
999 _aTE 3 M77 1998
_wALPHANUM
_c7352
_iT00781
_lCCODEBUL3
_mBUL
_r1
_sY
_tTESIS
_u2015-9-28
_xPOSGRADO
_PP57
_o.STAFF. Tesis
_d7352
980 _81
_gALBERTO SANCHEZ Responsable de Automatización